Mecanismos alternativos de resolucin̤ de conflictos por medios electrn̤icos

Bibliographic Details
Main Author: Ortega Hernǹdez, Rolando Joaqun̕
Format: eBook
Language:Spanish
Published: Barcelona: J.M. Bosch Editor, 2019
Subjects:
Online Access:Acceso restringido

MARC

LEADER 00000nam a22000007a 4500
005 2020030206186.0
007 cr|||| ||||
008 200302s2019 es |||||s|||| 00||0 spa d
020 |a 978-84-121260-5-1 
035 |a 31121 
040 |a vLex 
090 |c 10150  |d 10150 
100 1 |a Ortega Hernǹdez, Rolando Joaqun̕ 
245 1 0 |a Mecanismos alternativos de resolucin̤ de conflictos por medios electrn̤icos  |h [Recurso electrn̤ico] /  |c Rolando Joaqun̕ Ortega Hernǹdez 
256 |a Servicio en ln̕ea 
260 |a Barcelona:  |b J.M. Bosch Editor,  |c 2019 
300 |a 1 recurso electrn̤ico 
500 |a En la presente obra, tenemos una investigacin̤ doctoral convertida en monografa̕. Hemos tomado como hilo conductor de la investigacin̤ las tecnologa̕s de la informacin̤ y la comunicacin̤ (TICs) aplicados a los Mecanismos Alternativos de Resolucin̤ de Conlictos (MARC). En este trabajo se asumi ̤el concepto de acceso a la justicia en sentido amplio, incluyendo de pleno derecho en dicho concepto los MARC. La Sinergia entre las TICs hizo que surgiera el concepto de Online Dispute Resolutions (Resolucin̤ de Litigios en Ln̕ea). La necesidad social y del mercado del estudio de los ODR es evidente. Dicha realidad se releja con la proliferacin̤ de textos legislativos de derecho positivo relacionados con los ODR, adems̀ de los documentos de trabajo y los instrumentos regulatorios del soft law. Este libro est ̀compuesto por 6 capt̕ulos. El primer capt̕ulo de esta monografa̕ trata sobre los ±diferentes MARC existentes, tradicionales y online». Se trata de un capitulo en el que se contextualiza el estado del arte de los ADR/ODR. El Segundo capt̕ulo, ±arbitraje por medios electrn̤icos». trata sobre el impacto de la tecnologa̕ en el MARC con mayor tradicin̤ e incidencia jurisdiccional. El tercer capt̕ulo, ±resolucin̤ de conlictos por medios electrn̤icos entre empresarios y consumidores B2C», aborda la conlictividad derivada del comercio electrn̤ico entre empresarios y consumidores. El cuarto capt̕ulo est ̀dedicado exclusivamente a la ±mediacin̤» y a la mediacin̤ electrn̤ica. El quinto capt̕ulo se ocupa del procedimiento de ±resolucin̤ de conlictos sobre signos distintivos y nombres de dominio en internet», como procedimiento sui generis que marco un hito en los paradigmas de los procedimientos extrajudiciales de resolucin̤ de conlictos. En el sexto y l︢timo capt̕ulo ±otros mecanismos alternativos de resolucin̤ de conlictos por medios electrn̤icos». Es un capt̕ulo a modo de lege ferenda, pero en el cual se identiican los avances legislativos en torno a la resolucin̤ de conflictos en ln̕ea a nivel mundial y europeo, y se hacen propuestas de hacia dn̤de deben caminar estos. 
506 1 |a Disponible solo en los productos indicados  |d vLex Global  |d vLex Global (Academic Edition, excluding Law Schools)  |d vLex Global (U.S. Academic Edition, Law Schools)  |d vLex Global (U.S. Academic Edition, excluding Law Schools)  |d vLex Global (Academic Edition, Law Schools) 
650 0 4 |a Derecho Mercantil y de la Empresa  |z Espaą 
650 0 4 |a Telecomunicaciones  |z Espaą 
740 0 |a vLex Libros (Servicio en ln̕ea) 
856 4 0 |u http://vlex.com/source/mecanismos-alternativos-de-resolucion-de-conflictos-por-medios-electronicos-31121  |z Acceso restringido 
942 |c BOOK 
999 0 |a Commercial and Business Law 
999 0 |a Telecommunications